000 00313nam a2200133Ia 4500
008 231017s9999 xx 000 0 und d
082 _a624.1834
082 _bGOO
245 0 _aHybrid concrete construction
245 0 _cReinforced concrete
260 _bReinforced concrete
300 _c30cm
942 _cREP
999 _c605604
_d605604